00587 2200205 4500001002100000005001700021008004100038020001800079035002500097082001400122090002300136100001500159245006800174260002900242300001900271650004000290700002200330850001200352990001700364YOGYA-0209000000059520150324094345.0 ind  a979-9475-02-3 a0010-020900000000595 a005.36903 aR 005.36903bLut N aLUTHAN, MT aNew wealth of headword dictionarycMT. Luthan, Michael Lawrence aBandungbGenesindoc2000 a147 hlmc23 cm aHeadword (Program komputer) - Kamus aLAWRENCE, Michael aYOPDYOG a3772-PD/P.04